Jurassic Park Series Dinosaur Names - Statistics

General Stats
  • This quiz has been taken 88 times
    82 since last reset
  • The average score is 5 of 37
Answer Stats
Species Movie Answer % Correct
T-Rex Jurassic park, Jurassic World, Fallen kingdom Rexy
70%
Velociraptor Jurassic World, Fallen Kingdom Blue
63%
Velociraptor Jurassic World Delta
60%
Velociraptor Jurassic World Charlie
58%
Velociraptor Jurassic World Echo
58%
Allosaurus Fallen Kingdom Al
56%
Velociraptor Jurassic Park Big One
23%
Spinosaurus Jurassic Park 3 Spino
23%
Ankylosaurus Jurassic World Beta
16%
Stygimoloch Fallen Kingdom Stiggy
12%
Ankylosaurus Jurassic World Alpha
11%
T-Rex The Lost World Junior
9%
Velociraptor Jurassic Park Kim
9%
Velociraptor Jurassic Park Randy
9%
Carnotaurus Fallen Kingdom Carno
7%
Ceratosaurus Jurassic Park 3 Cera
7%
Triceratops Jurassic Park Trike
7%
Velociraptor The Lost World Spike
5%
Velociraptor The Lost World Stripe
2%
Pteranodon Jurassic Park 3 Brave
0%
Velociraptor Jurassic Park 3 Brownie
0%
Dilophosaurus Jurassic Park, Fallen Kingdom Chirp
0%
Compsagnathus The Lost World, Jurassic Park 3, Fallen Kingdom Distractor
0%
Pteranodon Jurassic Park 3 Fatty
0%
Velociraptor Jurassic Park 3 Feather
0%
Stegosaurus The Lost World Flash
0%
Dimorphodon Jurassic World Loner
0%
Pteranodon Jurassic World Megadon
0%
Apatosaurus Fallen Kingdom Mourn
0%
Baryonyx Fallen Kingdom Red Dot
0%
Compsagnathus The Lost World Red Eye
0%
Dimorphodon Jurassic World Screech
0%
Velociraptor The Lost World Smash
0%
Brachiosaurus Jurassic Park Sneeze
0%
T-Rex Jurassic Park 3 Spinobait
0%
Triceratops Jurassic World Squeal
0%
Apatosaurus Jurassic World Suite
0%
No matching quizzes found
Score Distribution
Percent of People with Each Score
Percentile by Number Answered
Your Score History
You have not taken this quiz since the last reset